000 00671nam a2200277Ia 4500
005 20260324144404.0
008 008 260324s9999 xx 000 0 eng d
020 _a9781003428039
037 _aEBOOK
040 _aCRL
040 _beng
040 _cCRL
041 _2eng
041 _aeng
084 _qCRL
100 _aJohn Caldwell; Allan Hill; Valerie J. Hull
_91219143
245 0 _aMicro-Approaches to Demographic Research
260 _bTaylor and Francis
260 _c1988
365 _a
365 _b145
856 _uhttp://www.taylorfrancis.com/books/9781003428039
942 _cEBOOK
999 _c1825693
_d1825693